00236 a2200109 4500001000700000020000600007040001100013100003000024240003400054245002900088362000900117173019 a  cMagnum aMauricio, Milene Coutinho10aVamos brincar de brincarlpor10aVamos brincar de brincar0 a1899